000 005390000a22001930004500
003 LK-CoMWRAF
008 230817t ||||| |||| 00| 0 eng d
040 _aLK-CoMWRAF
_dLK-CoMWRAF
_eLK-CoMWRAF
041 _aeng
082 _a390
_bWOM
245 _aWomen and Work - From a Gender Perspective
_b
260 _aSri Lanka
_bGender and Development unit
_1995
300 _ap.85
490 _a
650 _aGender Issues
650 _aTraining Manual
650 _aWomen and Employment
942 _cBK
999 _c1148
_d1148